Marxismo y antimarxismo (Record no. 33341)

MARC details
000 -LEADER
campo de control de longitud fija 00843nam a2200205 i 4500
001 - NÚMERO DE CONTROL
campo de control 33341
003 - IDENTIFICADOR DE NÚMERO DE CONTROL
campo de control ES-MaACL
005 - FECHA Y HORA DE LA ÚLTIMA TRANSACCIÓN
campo de control 20240508152846.0
007 - CAMPO FIJO DE DESCRIPCIÓN FÍSICA--INFORMACIÓN GENERAL
campo de control de longitud fija t|
008 - DATOS DE LONGITUD FIJA--INFORMACIÓN GENERAL
campo de control de longitud fija 030202s1935 sp ||||1| spa d
100 1# - ENTRADA PRINCIPAL--NOMBRE DE PERSONA
Nombre de persona Besteiro, Julián,
Fechas asociadas al nombre 1870-1940
9 (RLIN) 28619
245 10 - MENCIÓN DEL TÍTULO
Título Marxismo y antimarxismo
Resto del título : discurso leído por Julián Besteiro en el acto de su recepción /
Mención de responsabilidad, etc. Julián Besteiro ; contestación del presidente de la República Niceto Alcalá-Zamora.
260 ## - PUBLICACIÓN, DISTRIBUCIÓN, ETC.
Lugar de publicación, distribución, etc. Madrid :
Nombre del editor, distribuidor, etc. [s.n.,
Fecha de publicación, distribución, etc. 1935] (
Fabricante Est. tip. San Bernardo 82)
300 ## - DESCRIPCIÓN FÍSICA
Extensión 173 p. ;
Dimensiones 25 cm.
500 ## - NOTA GENERAL
Nota general Precede al tít.: Academia de Ciencias Morales y Políticas.
700 1# - ENTRADA AGREGADA--NOMBRE PERSONAL
Nombre de persona Alcalá Zamora, Niceto,
Fechas asociadas al nombre 1877-1949
9 (RLIN) 19473
710 2# - ENTRADA AGREGADA--NOMBRE DE ENTIDAD CORPORATIVA
Nombre de entidad corporativa o nombre de jurisdicción como elemento de entrada Real Academia de Ciencias Morales y Políticas (España)
9 (RLIN) 222050
852 ## - LOCALIZACIÓN
Ubicación ES-MaACL
Número de control de estantería 1800-F-2
Holdings
Estatus retirado Estado de pérdida Estado de daño No para préstamo Colección Biblioteca de origen Biblioteca actual Ubicación en estantería Fecha de adquisición Fuente de adquisición Total de préstamos Signatura topográfica completa Código de barras Visto por última vez Precio de reemplazo Tipo de ítem Koha
        Colección de folletos Biblioteca del Ateneo de Madrid Biblioteca del Ateneo de Madrid Depósito folletos 17/01/2008     1800-F-2 1034674 23/02/2023 23/02/2023 Folleto